000 00497nam a22001457a 4500
999 _c130609
_d130609
008 201030b ||||| |||| 00| 0 eng d
050 _aSPC DT1.T46 K97
100 _aKuzvinetsa, Melody
_950143
245 _aEducation towards women's transformative leadership in Zimbabwe:
_bA ferminist perspective
_c/ by Melody Kuzvinetsa
260 _aHarare:
_bArrupe Jesuit University,
_c2019
300 _avi, 124p. ;
_c30cm.
500 _aThesis
650 _aEducation
_yZimbabwe
_950144
942 _2lcc
_cSPC